Foundry Technology (Record no. 614648)

000 -LEADER
fixed length control field 00306nam a2200133 4500
020 ## - INTERNATIONAL STANDARD BOOK NUMBER
International Standard Book Number 81-239-0290-5
040 ## - CATALOGING SOURCE
Transcribing agency 0
082 ## - DEWEY DECIMAL CLASSIFICATION NUMBER
Classification number 671.2
Author Mark K9636 F
100 ## - MAIN ENTRY--PERSONAL NAME
Personal name Dharmendra Kumar
9 (RLIN) 130460
245 ## - TITLE STATEMENT
Title Foundry Technology
260 ## - PUBLICATION, DISTRIBUTION, ETC.
Place of publication, distribution, etc. New Dehli
Name of publisher, distributor, etc. CBS Publishers
Date of publication, distribution, etc. 2015
300 ## - PHYSICAL DESCRIPTION
Extent 427p.
942 ## - ADDED ENTRY ELEMENTS (KOHA)
Source of classification or shelving scheme
Koha item type Book
Holdings
Withdrawn status Lost status Source of classification or shelving scheme Damaged status Not for loan Permanent Location Current Location Date acquired Total Checkouts Full call number Barcode Date last seen Price effective from Koha item type
          School of Chemical & Materials Engineering (SCME) School of Chemical & Materials Engineering (SCME) 09/08/2025   671.2 K9636 F SCME-D304 09/08/2025 09/08/2025 Book
© 2023 Central Library, National University of Sciences and Technology. All Rights Reserved.